Environmental-economic accounts and financial resource mobilization for implementation of the convention on biological diversity

"Earth summit" v Riu a záväzok uchovania a udržania biologickej diverzity. Strategický plán 2011-2020 a Aichiho ciele. EPEA a ReMEA - nástroje kalkulácie výdavkov na biodiverzitu.

Gespeichert in:
Bibliographische Detailangaben
1. Verfasser: Costantino, Cesare
Weitere Verfasser: Recchini, Emanuela
Format: Buchkapitel
Sprache:Englisch
Schlagworte:
Tags: Tag hinzufügen
Keine Tags, Fügen Sie das erste Tag hinzu!

MARC

LEADER 00000naa a2200000 4500
001 0214051
005 20220729110801.2
041 0 |a eng 
044 |a CZ 
245 1 0 |a Environmental-economic accounts and financial resource mobilization for implementation of the convention on biological diversity  |c Cesare Costantino, Emanuela Recchini 
520 |a "Earth summit" v Riu a záväzok uchovania a udržania biologickej diverzity. Strategický plán 2011-2020 a Aichiho ciele. EPEA a ReMEA - nástroje kalkulácie výdavkov na biodiverzitu. 
610 2 0 |a diverzita biologická 
610 2 0 |a politika environmentálna 
610 2 0 |a výdavky 
610 2 0 |a štandardizácia 
100 1 |a Costantino, Cesare 
700 1 |a Recchini, Emanuela